[Event "SVK-chT2D 2223"]
[Site "Slovakia"]
[Date "2022.11.12"]
[Round "3.3"]
[White "Skovran, Jaroslav"]
[Black "Meszarosova, Eva"]
[Result "1-0"]
[WhiteElo "1999"]
[BlackElo "1959"]
[PlyCount "119"]
[EventDate "2022.10.08"]
[EventType "team-tourn"]
[EventRounds "11"]
[EventCountry "SVK"]
[SourceTitle "EXT 2024"]
[Source "ChessBase"]
[SourceDate "2023.10.10"]
[SourceVersion "1"]
[SourceVersionDate "2023.10.10"]
[SourceQuality "1"]
[WhiteTeam "Sabinov"]
[BlackTeam "Moldava nad Bodvou"]
[WhiteTeamCountry "SVK"]
[BlackTeamCountry "SVK"]

1. e4 c5 2. Nf3 d6 3. d4 cxd4 4. Nxd4 Nf6 5. Bd3 g6 6. 0-0 Bg7 7. c3 0-0 8. Kh1 d5 9. e5 Ne4 10. f4 Nc5 11. Bc2 e6 12. Be3 b6 13. b4 Ne4 14. Bxe4 dxe4 15. Nd2 Bb7 16. Qc2 Qh4 17. Nxe4 Nc6 18. Nf3 Qe7 19. Nd6 Rad8 20. Nxb7 Qxb7 21. Ng5 Ne7 22. Ne4 Nf5 23. Rfe1 h6 24. Kg1 h5 25. Bf2 Qc6 26. Qe2 Rc8 27. Rac1 Rfd8 28. c4 Qa4 29. Qb2 Rd3 30. c5 Bf8 31. Qb1 Rdd8 32. Qb2 bxc5 33. bxc5 Qc6 34. Qa3 Rc7 35. Qh3 Be7 36. Qa3 Rb7 37. Nd6 Rc7 38. Qb2 Bf8 39. Qe2 Be7 40. Red1 Qa4 41. g3 Qc6 42. Qe1 Rb8 43. Rb1 Rxb1 44. Rxb1 Rd7 45. Rb8+ Rd8 46. Qb1 Qf3 47. Qb3 Qe2 48. Nxf5 gxf5 49. c6 Kg7 50. Rxd8 Bxd8 51. Bxa7 Qe1+ 52. Kg2 Qe2+ 53. Bf2 Qe4+ 54. Qf3 Qc2 55. Kh3 Qxa2 56. Bc5 Qc4 57. Bd6 Qc1 58. c7 Bxc7 59. Be7 Kg6 60. Kh4 1-0

[Event "Drienica Saris op"]
[Site "Drienica"]
[Date "2020.08.14"]
[Round "8"]
[White "Sosovickova, Jana"]
[Black "Skovran, Jaroslav"]
[Result "1-0"]
[WhiteElo "1829"]
[BlackElo "1975"]
[PlyCount "39"]
[EventDate "2020.08.07"]
[EventType "swiss"]
[EventRounds "9"]
[EventCountry "SVK"]
[SourceTitle "CBM 197 Extra"]
[Source "ChessBase"]
[SourceDate "2020.09.30"]
[SourceVersion "1"]
[SourceVersionDate "2020.09.30"]
[SourceQuality "1"]

1. e4 d6 2. d4 Nf6 3. Nc3 Nbd7 4. Nf3 e5 5. dxe5 dxe5 6. Bc4 c6 7. Ng5 Bc5 8. Bxf7+ Ke7 9. 0-0 b5 10. Bb3 Qb6 11. Ne6 a5 12. a3 h5 13. Bg5 Ba6 14. Nxg7 Raf8 15. Qd2 Bd4 16. Rad1 Qa7 17. Ne2 b4 18. axb4 axb4 19. Qxb4+ Bc5 20. Qd2 1-0

[Event "Drienica Saris op"]
[Site "Drienica"]
[Date "2020.08.09"]
[Round "3"]
[White "Skovran, Jaroslav"]
[Black "Furman, Slavomir"]
[Result "1/2-1/2"]
[WhiteElo "1975"]
[BlackElo "1725"]
[PlyCount "77"]
[EventDate "2020.08.07"]
[EventType "swiss"]
[EventRounds "9"]
[EventCountry "SVK"]
[SourceTitle "CBM 197 Extra"]
[Source "ChessBase"]
[SourceDate "2020.09.30"]
[SourceVersion "1"]
[SourceVersionDate "2020.09.30"]
[SourceQuality "1"]

1. e4 e5 2. Nf3 Nf6 3. Nxe5 d6 4. Nf3 Nxe4 5. Nc3 Nxc3 6. dxc3 Be7 7. Be3 Nc6 8. Qd2 Be6 9. Be2 Qd7 10. h3 h6 11. Bb5 a6 12. Bd3 Bf6 13. Nd4 Nxd4 14. cxd4 Bf5 15. 0-0-0 Bxd3 16. Qxd3 0-0-0 17. d5 Rde8 18. Kb1 Re7 19. Rd2 Rhe8 20. Rc1 Qb5 21. c4 Qa5 22. Rdc2 Kb8 23. a3 Bg5 24. Bxg5 hxg5 25. c5 Re5 26. Ka2 Qb5 27. Qxb5 axb5 28. cxd6 cxd6 29. Rc7 R8e7 30. Rxe7 Rxe7 31. Rc2 Re5 32. Rd2 Kc7 33. Kb3 Kb6 34. Kb4 Re4+ 35. Kc3 Rc4+ 36. Kd3 Kc5 37. Re2 Kxd5 38. Re7 Rf4 39. f3 1/2-1/2

[Event "SVK-chT1E 1920"]
[Site "Slovakia"]
[Date "2019.10.12"]
[Round "1.7"]
[White "Timko, Milan"]
[Black "Skovran, Jaroslav"]
[Result "1-0"]
[WhiteElo "2003"]
[BlackElo "1936"]
[PlyCount "81"]
[EventDate "2019.10.12"]
[EventType "team-tourn"]
[EventRounds "11"]
[EventCountry "SVK"]
[SourceTitle "CBM 193 Extra"]
[Source "ChessBase"]
[SourceDate "2020.01.31"]
[SourceVersion "1"]
[SourceVersionDate "2020.01.31"]
[SourceQuality "1"]
[WhiteTeam "Kosice 1 CC"]
[BlackTeam "Sabinov"]
[WhiteTeamCountry "SVK"]
[BlackTeamCountry "SVK"]

1. d4 Nf6 2. Bf4 d5 3. e3 e6 4. Nd2 Be7 5. Bd3 0-0 6. Ngf3 b6 7. Ne5 c5 8. c3 Bb7 9. Qf3 Nfd7 10. Qh5 f5 11. h4 Nc6 12. Nxc6 Bxc6 13. Qe2 a6 14. Nf3 Nf6 15. Ne5 Be8 16. Bxa6 c4 17. Bb7 Ra5 18. Bc6 Bh5 19. f3 Qc8 20. a4 Bd6 21. Bb5 Be8 22. Bxe8 Qxe8 23. Qd1 Bxe5 24. Bxe5 Qc6 25. Bxf6 gxf6 26. 0-0 Rfa8 27. Qe2 Rxa4 28. Rxa4 Rxa4 29. e4 e5 30. dxe5 dxe4 31. fxe4 Qc5+ 32. Qf2 Qxe5 33. Qxf5 Ra2 34. Qxe5 fxe5 35. Rf2 Ra5 36. Kh2 Kg7 37. Kh3 Rb5 38. Kg4 Kg6 39. h5+ Kg7 40. Kf5 Kf7 41. g4 1-0

[Event "SVK-chT1E 1819"]
[Site "Slovakia"]
[Date "2019.03.17"]
[Round "11.5"]
[White "Vrchovsky, Viliam"]
[Black "Skovran, Jaroslav"]
[Result "1-0"]
[WhiteElo "1973"]
[BlackElo "1984"]
[PlyCount "51"]
[EventDate "2018.10.27"]
[EventType "team-tourn"]
[EventRounds "11"]
[EventCountry "SVK"]
[SourceTitle "CBM 189 Extra"]
[Source "ChessBase"]
[SourceDate "2019.06.03"]
[SourceVersion "1"]
[SourceVersionDate "2019.06.03"]
[SourceQuality "1"]
[WhiteTeam "Dunajov Inbest II"]
[BlackTeam "Sabinov"]
[WhiteTeamCountry "SVK"]
[BlackTeamCountry "SVK"]

1. e4 d6 2. d4 Nd7 3. Nc3 e5 4. d5 Ne7 5. Nf3 g6 6. Be3 f5 7. Ng5 Nf6 8. Bb5+ Bd7 9. Ne6 Qc8 10. Bg5 Nxe4 11. Nxe4 Bxb5 12. c4 Bd7 13. Nf6+ Kf7 14. Nxd7 Qxd7 15. Qb3 c6 16. Bd2 f4 17. g3 Bh6 18. gxf4 cxd5 19. cxd5 Rac8 20. Qf3 Nf5 21. Bc3 Nd4 22. Bxd4 exd4 23. f5 Ke7 24. Qh3 Be3 25. fxe3 Qb5 26. f6+ 1-0

[Event "SVK-chT1E 1819"]
[Site "Slovakia"]
[Date "2019.01.13"]
[Round "6.6"]
[White "Skovran, Jaroslav"]
[Black "Silon, Miroslav"]
[Result "1-0"]
[WhiteElo "1984"]
[BlackElo "1750"]
[PlyCount "65"]
[EventDate "2018.10.27"]
[EventType "team-tourn"]
[EventRounds "11"]
[EventCountry "SVK"]
[SourceTitle "CBM 188 Extra"]
[Source "ChessBase"]
[SourceDate "2019.02.26"]
[SourceVersion "1"]
[SourceVersionDate "2019.02.26"]
[SourceQuality "1"]
[WhiteTeam "Sabinov"]
[BlackTeam "Kezmarok"]
[WhiteTeamCountry "SVK"]
[BlackTeamCountry "SVK"]

1. e4 c5 2. Nf3 e6 3. d4 cxd4 4. Nxd4 a6 5. c4 Qc7 6. Be2 Bc5 7. 0-0 Nf6 8. Nc3 d6 9. Be3 0-0 10. Qd2 Nc6 11. Rac1 b6 12. f3 Bb7 13. Kh1 Bxd4 14. Bxd4 Nxd4 15. Qxd4 Rad8 16. Rfd1 Bc6 17. Nd5 exd5 18. cxd5 b5 19. Rxc6 Qb7 20. Qb4 Qa7 21. Bf1 Qf2 22. Qd2 Qa7 23. Rdc1 Ne8 24. a4 Rb8 25. axb5 axb5 26. h3 f5 27. exf5 Rxf5 28. Bd3 Rf7 29. Qc2 g6 30. Qe2 Nc7 31. Rxd6 Re8 32. Qc2 Rfe7 33. Be4 1-0

[Event "SVK-chT2D 1819"]
[Site "Slovakia"]
[Date "2018.11.18"]
[Round "4.4"]
[White "Foglar, Ivan"]
[Black "Skovran, Jaroslav"]
[Result "0-1"]
[WhiteElo "1957"]
[BlackElo "1984"]
[PlyCount "58"]
[EventDate "2018.10.13"]
[EventType "team-tourn"]
[EventRounds "11"]
[EventCountry "SVK"]
[SourceTitle "CBM 187 Extra"]
[Source "ChessBase"]
[SourceDate "2018.11.04"]
[SourceVersion "1"]
[SourceVersionDate "2018.11.04"]
[SourceQuality "1"]
[WhiteTeam "Margecany"]
[BlackTeam "Sabinov II"]
[WhiteTeamCountry "SVK"]
[BlackTeamCountry "SVK"]

1. e4 d6 2. d4 Nd7 3. Nc3 e5 4. Bc4 c6 5. Nge2 Ngf6 6. 0-0 b5 7. dxe5 dxe5 8. Bd3 Qb6 9. Ng3 Nc5 10. Be3 Qc7 11. Qe2 Nxd3 12. cxd3 h5 13. Rac1 h4 14. Nh1 Qb8 15. f3 a5 16. d4 b4 17. dxe5 Nd7 18. e6 fxe6 19. Qc4 Ne5 20. Qb3 bxc3 21. Qxc3 Bb4 22. Qc2 0-0 23. Bd4 Ba6 24. Bxe5 Qxe5 25. Rf2 Rfd8 26. a3 Bd6 27. g3 Bb8 28. Kg2 Ba7 29. Rd2 Be3 0-1

[Event "SVK-chT1E 1819"]
[Site "Slovakia"]
[Date "2018.10.28"]
[Round "2.7"]
[White "Skovran, Jaroslav"]
[Black "Timko, Milan"]
[Result "0-1"]
[WhiteElo "1984"]
[BlackElo "2052"]
[PlyCount "104"]
[EventDate "2018.10.27"]
[EventType "team-tourn"]
[EventRounds "11"]
[EventCountry "SVK"]
[SourceTitle "CBM 187 Extra"]
[Source "ChessBase"]
[SourceDate "2018.11.04"]
[SourceVersion "1"]
[SourceVersionDate "2018.11.04"]
[SourceQuality "1"]
[WhiteTeam "Sabinov"]
[BlackTeam "Kosice 1 CC"]
[WhiteTeamCountry "SVK"]
[BlackTeamCountry "SVK"]

1. e4 e6 2. d4 d5 3. exd5 exd5 4. Bd3 Nc6 5. c3 Bd6 6. Ne2 Qh4 7. Nd2 Bg4 8. Nf1 Nce7 9. Qc2 Bh5 10. Be3 Bg6 11. Nfg3 Nf6 12. f3 Nh5 13. 0-0-0 0-0-0 14. Qd2 Nxg3 15. hxg3 Qf6 16. Bg5 Qe6 17. Nf4 Bxf4 18. Bxf4 Bxd3 19. Qxd3 Ng6 20. Bd2 Qd7 21. Rde1 Rde8 22. Re3 Rxe3 23. Bxe3 h6 24. Re1 Re8 25. Bf2 Rxe1+ 26. Bxe1 Qe6 27. Kd2 a6 28. Qe3 Kd7 29. Qxe6+ Kxe6 30. g4 b6 31. a4 Nf4 32. g3 Ng6 33. Ke3 Ne7 34. a5 Nc8 35. Bd2 Nd6 36. b3 Nc8 37. c4 b5 38. c5 Ne7 39. Be1 f5 40. gxf5+ Nxf5+ 41. Kd2 h5 42. Bf2 g5 43. Ke2 Nh6 44. Be3 Kf5 45. Kf2 Ng8 46. Kg2 g4 47. Bd2 Nf6 48. Kf2 Ne8 49. Ke3 Ng7 50. Kf2 Ne6 51. Be3 gxf3 52. Kxf3 b4 0-1

[Event "SVK-chT1E 1718"]
[Site "Slovakia"]
[Date "2018.02.18"]
[Round "9.5"]
[White "Korytko, Peter"]
[Black "Skovran, Jaroslav"]
[Result "1/2-1/2"]
[WhiteElo "2018"]
[BlackElo "1990"]
[PlyCount "30"]
[EventDate "2017.10.21"]
[EventType "team-tourn"]
[EventRounds "11"]
[EventCountry "SVK"]
[SourceTitle "EXT 2019"]
[Source "ChessBase"]
[SourceDate "2018.10.10"]
[SourceVersion "1"]
[SourceVersionDate "2018.10.10"]
[SourceQuality "1"]
[WhiteTeam "Margecany OSK"]
[BlackTeam "Sabinov"]
[WhiteTeamCountry "SVK"]
[BlackTeamCountry "SVK"]

1. e4 e5 2. Nc3 Nf6 3. f4 d6 4. Nf3 Nc6 5. Bb5 Bg4 6. 0-0 Be7 7. d3 0-0 8. Bxc6 bxc6 9. h3 Bxf3 10. Qxf3 exf4 11. Bxf4 Nd7 12. Qg3 Bf6 13. Rab1 Ne5 14. Ne2 Ng6 15. c3 c5 1/2-1/2

[Event "SVK-chT2D 1617"]
[Site "Slovakia"]
[Date "2017.02.12"]
[Round "9.3"]
[White "Skovran, Jaroslav"]
[Black "Tropp, Lukas"]
[Result "1-0"]
[WhiteElo "1988"]
[BlackElo "2118"]
[PlyCount "73"]
[EventDate "2016.10.08"]
[EventType "team-tourn"]
[EventRounds "11"]
[EventCountry "SVK"]
[SourceTitle "EXT 2018"]
[Source "ChessBase"]
[SourceDate "2017.10.13"]
[SourceVersion "1"]
[SourceVersionDate "2017.10.13"]
[SourceQuality "1"]
[WhiteTeam "Sabinov II"]
[BlackTeam "Kosice Slavia TU IV"]
[WhiteTeamCountry "SVK"]
[BlackTeamCountry "SVK"]

1. e4 e5 2. Nf3 Nc6 3. d4 exd4 4. Nxd4 Nf6 5. Nxc6 bxc6 6. Bd3 d6 7. 0-0 Be7 8. b3 0-0 9. Bb2 Ng4 10. Nd2 Ne5 11. Bxe5 dxe5 12. Qe2 Bc5 13. Qh5 Qe7 14. Rad1 g6 15. Qh6 Bg4 16. Rde1 Rad8 17. Nc4 Qf6 18. Ne3 Be6 19. Kh1 Qg7 20. Qxg7+ Kxg7 21. f3 Bxe3 22. Rxe3 Rd4 23. Rc1 Rfd8 24. Kg1 a5 25. Be2 c5 26. Kf1 c4 27. Rc3 cxb3 28. axb3 R8d7 29. Ra1 f5 30. Bd3 fxe4 31. fxe4 a4 32. bxa4 Kf6 33. a5 c6 34. a6 Ra7 35. Rxc6 Ke7 36. Ra5 Rd6 37. Rcc5 1-0

[Event "SVK-chT2D 1516"]
[Site "Slovakia"]
[Date "2015.11.08"]
[Round "4.4"]
[White "Dudasko, Mario"]
[Black "Skovran, Jaroslav"]
[Result "1-0"]
[WhiteElo "2000"]
[BlackElo "1932"]
[PlyCount "71"]
[EventDate "2015.10.17"]
[EventType "team-tourn"]
[EventRounds "11"]
[EventCountry "SVK"]
[SourceTitle "CBM 169 Extra"]
[Source "ChessBase"]
[SourceDate "2015.12.18"]
[SourceVersion "1"]
[SourceVersionDate "2015.12.18"]
[SourceQuality "1"]
[WhiteTeam "Spisska Stara Ves"]
[BlackTeam "Sabinov II"]
[WhiteTeamCountry "SVK"]
[BlackTeamCountry "SVK"]

1. e4 d5 2. exd5 Qxd5 3. Nc3 Qd8 4. Bc4 Nf6 5. d3 e6 6. Nf3 Be7 7. Bf4 a6 8. 0-0 b5 9. Bb3 Bb7 10. Qe2 0-0 11. Rfe1 Bd6 12. Bg5 h6 13. Bh4 Nbd7 14. Ne4 Be7 15. Ned2 Nc5 16. d4 Nxb3 17. Nxb3 Bd5 18. Nbd2 Re8 19. c3 Nd7 20. Bxe7 Qxe7 21. a4 c6 22. b3 b4 23. c4 Bxf3 24. Qxf3 Qd6 25. Rad1 Nf6 26. Ne4 Nxe4 27. Rxe4 Rac8 28. Qe3 Qd7 29. Re5 f6 30. Rc5 e5 31. d5 Qd6 32. Rd2 Red8 33. h3 cxd5 34. Rdxd5 Qe7 35. Rxc8 Rxc8 36. Qb6 1-0

[Event "SVK-chT2D 14/15"]
[Site "Slovakia"]
[Date "2014.11.09"]
[Round "4.1"]
[White "Jurcisin, Imrich"]
[Black "Skovran, Jaroslav"]
[Result "1-0"]
[WhiteElo "2044"]
[BlackElo "1964"]
[PlyCount "47"]
[EventDate "2014.10.11"]
[EventType "team-tourn"]
[EventRounds "11"]
[EventCountry "SVK"]
[SourceTitle "EXT 2019"]
[Source "ChessBase"]
[SourceDate "2018.10.10"]
[SourceVersion "1"]
[SourceVersionDate "2018.10.10"]
[SourceQuality "1"]
[WhiteTeam "Kosice Slavia UPJS III"]
[BlackTeam "Sabinov II"]
[WhiteTeamCountry "SVK"]
[BlackTeamCountry "SVK"]

1. e4 d5 2. Nc3 d4 3. Nce2 e5 4. f4 exf4 5. Nxf4 Bd6 6. d3 Nc6 7. Nf3 Nge7 8. c3 Bg4 9. Be2 Bxf3 10. Bxf3 dxc3 11. bxc3 Ng6 12. Nh5 0-0 13. d4 Nh4 14. 0-0 Nxf3+ 15. Qxf3 Be7 16. Qg4 g6 17. Bh6 Qc8 18. Qg3 Qd8 19. Bxf8 Bxf8 20. Rab1 Na5 21. Rb5 c6 22. Rbf5 Kh8 23. Rxf7 gxh5 24. Qe5+ 1-0

[Event "SVK-chT2D 14/15"]
[Site "Slovakia"]
[Date "2014.11.08"]
[Round "3.1"]
[White "Skovran, Jaroslav"]
[Black "Vojtko, Marek"]
[Result "0-1"]
[WhiteElo "1964"]
[BlackElo "1996"]
[PlyCount "72"]
[EventDate "2014.10.11"]
[EventType "team-tourn"]
[EventRounds "11"]
[EventCountry "SVK"]
[SourceTitle "EXT 2019"]
[Source "ChessBase"]
[SourceDate "2018.10.10"]
[SourceVersion "1"]
[SourceVersionDate "2018.10.10"]
[SourceQuality "1"]
[WhiteTeam "Sabinov II"]
[BlackTeam "Kosice Slavia TU IV"]
[WhiteTeamCountry "SVK"]
[BlackTeamCountry "SVK"]

1. e4 e6 2. g3 d5 3. Nc3 Nf6 4. Bg2 Nc6 5. d3 Bc5 6. Nge2 d4 7. Nb1 Ne5 8. 0-0 h5 9. Bg5 Be7 10. h3 c5 11. Nd2 h4 12. f4 Nc6 13. Bxh4 Ng8 14. Bxe7 Ngxe7 15. Nf3 Qc7 16. c3 e5 17. f5 g6 18. g4 gxf5 19. gxf5 Rg8 20. Kf2 Bxf5 21. Rc1 Be6 22. cxd4 cxd4 23. b4 a6 24. Qd2 Qd6 25. Rb1 Kd7 26. Rfc1 Rg7 27. a4 Rag8 28. Bf1 f5 29. b5 axb5 30. axb5 Nd8 31. Qb4 Rh8 32. Rc5 Nf7 33. Rbc1 Rc8 34. Qa3 fxe4 35. dxe4 d3 36. Rxc8 Qxa3 0-1

[Event "SVK-chT2D 1314"]
[Site "Slovakia"]
[Date "2014.03.16"]
[Round "11.6"]
[White "Skovran, Jaroslav"]
[Black "Janurik, Michal"]
[Result "1/2-1/2"]
[WhiteElo "2007"]
[BlackElo "1769"]
[PlyCount "61"]
[EventDate "2013.10.19"]
[EventType "team-tourn"]
[EventRounds "11"]
[EventCountry "SVK"]
[SourceTitle "EXT 2015"]
[Source "ChessBase"]
[SourceDate "2014.11.20"]
[SourceVersion "1"]
[SourceVersionDate "2014.11.20"]
[SourceQuality "1"]
[WhiteTeam "Sabinov II"]
[BlackTeam "Kosice Slavia UPJS III"]
[WhiteTeamCountry "SVK"]
[BlackTeamCountry "SVK"]

1. e4 e6 2. d4 d5 3. exd5 exd5 4. Bd3 Nf6 5. Ne2 Be7 6. Nd2 Bg4 7. f3 Bh5 8. Nf1 0-0 9. Nfg3 Bg6 10. Nf5 c5 11. Nxe7+ Qxe7 12. 0-0 Bxd3 13. Qxd3 c4 14. Qe3 Qxe3+ 15. Bxe3 Re8 16. Kf2 Nc6 17. c3 b5 18. Bg5 Nd7 19. Rfe1 a5 20. Ng3 f6 21. Bf4 g6 22. Rxe8+ Rxe8 23. Re1 Rxe1 24. Kxe1 Nb6 25. Kd2 Kf7 26. Bc7 Nd7 27. Ne2 g5 28. g4 a4 29. Ng3 Ne7 30. Kc2 Nf8 31. Kd2 1/2-1/2